Statistics for Countries with No U.S. Foreign Relations

Click here to take the quiz!

General Stats

  • This quiz has been taken 21,841 times
  • The average score is 3 of 5

Answer Stats

Country% Correct
Iran
92%
North Korea
89%
Syria
56%
Taiwan
35%
Bhutan
21%

Score Distribution

Percentile by Number Answered

Percent of People with Each Score

Your Score History

You have not taken this quiz